| 000 | 00870nam a22002177a 4500 | ||
|---|---|---|---|
| 999 |
_c2425 _d2425 |
||
| 003 | AR-CdUCM | ||
| 008 | 190304b ||||| |||| 00| 0 spa d | ||
| 040 |
_aMUNICIPALIDAD PROVINCIAL DEL CUSCO _cBIBLIOTECA MUNICIPAL DEL CUSCO |
||
| 082 |
_a331.88 / _bH72 |
||
| 110 |
_aMovimiento sindical revolucionario Checoslovaco _98709 |
||
| 245 | _aEl hombre, el trabajo y los sindicatos / | ||
| 260 |
_aPraga : _bPrace, _c1959. |
||
| 300 |
_a200 paginas ; _c24 cm. _bFotografías, |
||
| 505 | _aComienza el viaje por Checoslovaquia -- El país y el pueblo en los siglos -- El movimiento sindical en la encrucijada -- Por el camino del florecimiento de la economía nacional ... | ||
| 650 |
_aMovimientos sindicales _97056 |
||
| 650 |
_aEconomía nacional _98710 |
||
| 650 |
_aPolítica sindical _98711 |
||
| 650 |
_aPlanificación _96254 |
||
| 942 |
_2ddc _cLIBROS |
||
| 945 | _aacv | ||